EU-MERCOSUR Interregionalism Diplomatic and Trade Relations
Salvato in:
| Autore principale: | |
|---|---|
| Altri autori: | |
| Natura: | Libro |
| Lingua: | inglese |
| Pubblicazione: |
Cham
Springer
2023
|
| Soggetti: | |
| Tags: |
Nessun Tag, puoi essere il primo ad aggiungerne!!
|
MARC
| LEADER | 00000nam a2200000 4500 | ||
|---|---|---|---|
| 001 | 0304984 | ||
| 005 | 20250213111841.3 | ||
| 020 | |a 978-3-031-19219-7 | ||
| 041 | 0 | |a eng | |
| 044 | |a CH | ||
| 245 | 1 | 0 | |a EU-MERCOSUR Interregionalism |b Diplomatic and Trade Relations |c Mario Torres Jarrín, Lourdes Gabriela Daza Aramayo |
| 264 | 1 | |a Cham |b Springer |c 2023 | |
| 300 | |a 198 s. | ||
| 610 | 2 | 0 | |a Mercosur |
| 610 | 2 | 0 | |a Európska únia |
| 610 | 2 | 0 | |a obchod medzinárodný |
| 610 | 2 | 0 | |a vzťahy medzinárodné |
| 610 | 2 | 0 | |a investície priame zahraničné |
| 100 | 1 | |a Jarrín, Mario Torres | |
| 700 | 1 | |a Daza Aramayo, Lourdes Gabriela | |